| 000 | 01356nam a2200265 i 4500 | ||
|---|---|---|---|
| 001 | 151379 | ||
| 003 | ES-MaACL | ||
| 005 | 20230906204003.0 | ||
| 008 | 000927s1768 fr abf |||| | fre d | ||
| 040 |
_aCCPB | B _bspa _cCCPB | B |
||
| 110 | 2 |
_aAcadémie des inscriptions et belles-lettres (Francia) _91230 |
|
| 245 | 1 | 0 |
_aMémoires de littérature tirés des registres de l'Academie Royale des Inscriptions et Belles-Lettres depuis l´année MDCCLXI, jusques & compris l´année MDCCLXIII _b: tome trente-deuxième. |
| 260 |
_aA Paris : _bde l´Imprimerie Royale, _c1768. |
||
| 300 |
_a[8], 808 p., [4] h. de grab., [1] h. de grab. pleg., [4] h. de map. : _bil. ; _c25 cm. |
||
| 597 | _aSign.: *4, A-Z4, 2A-2Z4, 3A-3Z4, 4A-4Z4, 5A-I4. | ||
| 597 | _aPort. con grab. xil. | ||
| 599 | _aViñetas xil. en cabecera de A\p1\s. | ||
| 599 | _aLas h. de grab. calc.: representan mapas e inscripciones egipcias "P. L. Charpentier sc." | ||
| 599 | _aLas h. de map. pleg. calc. representan diferentes zonas de Asia. | ||
| 599 | _aLas il. representan monedas asiáticas. | ||
| 610 | 2 |
_aAcadémie des inscriptions et belles-lettres (Francia) _91230 |
|
| 610 | 2 |
_aAcadémie des inscriptions et belles-lettres (Francia)- _xHistoria. _9134090 |
|
| 700 | 1 |
_aCharpentier, P.L. _9126463 |
|
| 852 |
_aES-MaACL _jR-1298-1343 _z-- Enc. piel _x Olim: G-13300-45 |
||
| 999 |
_c151379 _d151379 |
||